Statistics for Are you lonesome tonight lyrics

Click here to take the quiz!

General Stats

  • This quiz has been taken 11 times
  • The average score is 161 of 221

Answer Stats

Answer% Correct
A
100%
And
100%
and
100%
Are
100%
Do
100%
I
100%
Lonesome
100%
Me
100%
So
100%
The
100%
To
100%
Tonight
100%
We
100%
With
100%
You
100%
you
100%
Come
88%
Go
88%
Heart
88%
In
88%
Is
88%
Miss
88%
My
88%
Then
88%
When
88%
Where
88%
Why
88%
Your
88%
All
75%
As
75%
But
75%
Came
75%
Can
75%
if
75%
If
75%
Love
75%
Loved
75%
Never
75%
No
75%
On
75%
Said
75%
They
75%
Us
75%
Was
75%
Without
75%
At
63%
Back
63%
Day
63%
Does
63%
Had
63%
Here
63%
Honey
63%
I'd
63%
I'm
63%
Of
63%
One
63%
Tell
63%
There
63%
Two
63%
Won't
63%
Again
50%
Around
50%
Bare
50%
Bring
50%
Cause
50%
Down
50%
Filled
50%
I've
50%
Know
50%
Must
50%
Now
50%
Pain
50%
Play
50%
Rather
50%
Read
50%
Seem
50%
Someone
50%
Standing
50%
Act
38%
Acted
38%
Apart
38%
Bright
38%
Chairs
38%
Change
38%
Cue
38%
Dear
38%
Doubt
38%
drifted
38%
Each
38%
Empty
38%
Fate
38%
First
38%
Glance
38%
Hearing
38%
kissed
38%
Lied
38%
Lies
38%
Lines
38%
Living
38%
memory
38%
Met
38%
Missed
38%
Part
38%
Playing
38%
Seemed
38%
Shall
38%
Sorry
38%
Stage
38%
Strange
38%
stray
38%
Summer
38%
Sweetheart
38%
Worlds
38%
called
25%
Cleverly
25%
Curtain
25%
Doorstep
25%
Emptiness
25%
Gaze
25%
Known
25%
Parlor
25%
Picture
25%
wonder
25%

Score Distribution

Percentile by Number Answered

Percent of People with Each Score

Your Score History

You have not taken this quiz